00700nam a22001937a 450000500170000001000150001702000290003203500130006103700130007408200150008710000190010224500940012126000460021527000410026130000280030294200290033099900170035995201300037620150429103741.0 aENG-112411 a9788178331560c1775.00  aEN-95943 bDBAD/PUB a664.804573 aPanda, Himadri aThe complete book on cashew : cby Himadri Pandabcultivation, processing & by-products / aDelhi bAsia Pacific Business Pressc2013 a106-E, Kamla Nagar, bDelhi e110009 a630p.:c23cm(pbk)bill. 2ddccENmPANh664.804573 c92406d92406 001040718NFICaDBADbDBADd2015-03-23eDBAD/PUBg1775.00l0o664.804573 PANpEN-95943r2015-03-23 00:00:00t1v1775.00yEN